000 00229nam a22000857a 4500
008 160805b xxu||||| |||| 00| 0 eng d
100 _945
_aYash Pal
245 _aSecondary Biology for us-IX
260 _aNew Delhi
_bArya Publication
_c2008
999 _c2697
_d2697